Türkiye Araştırmaları Literatür Dergisi (Record no. 76147)
| 000 -BAŞLIK | |
|---|---|
| Sabit Uzunluktaki Kontrol Alanı | 00637nas a2200253 a 4500 |
| 001 - KONTROL NUMARASI | |
| Control Dosyası | S5870 |
| 003 - KONTROL NUMARASI KİMLİĞİ | |
| Kontrol Alanı | KOHA_MİRAKIL |
| 005 - EN SON İŞLEM TARİHİ ve ZAMANI | |
| Kontrol Alanı | 20260206234704.0 |
| 022 ## - ISSN - ULUSLARARASI STANDART SERİ NUMARASI | |
| issn | 13039369 |
| 040 ## - KATALOGLAMA KAYNAĞI | |
| Kataloglama Dili | tur |
| Açıklama Kuralları | rda |
| Çeviri Kurumu | |
| 041 0# - DİL KODU | |
| Metin ya da ses kaydının dil kodu | tur |
| -- | eng |
| 044 ## - YAYINLAYAN/ÜRETEN KURULUŞUN ÜLKE KODU | |
| ISO country code | tu |
| 050 00 - SINIFLAMA ve YER NUMARASI | |
| Sınıflama Numarası | S5870 |
| 245 0# - ESER ADI BİLDİRİMİ | |
| Başlık | Türkiye Araştırmaları Literatür Dergisi |
| 264 #1 - ÜRERİM, YAYIN, DAĞITIM ve TELİF BİLDİRİMİ | |
| Yayın yeri | İstanbul : |
| Yayınlayan | Bilim Sanat Vakfı Türkiye Araştırmaları Merkezi |
| 300 ## - FİZİKSEL TANIMLAMA | |
| Sayfa, Cilt vb. | c. |
| 310 ## - CURRENT PUBLICATION FREQUENCY | |
| Current publication frequency | 6 Aylık, |
| Date of current publication frequency | |
| 336 ## - İÇERİK TÜRÜ | |
| Content type term | metin |
| Content type code | txt |
| Source | rdacontent |
| 337 ## - MEDYA TÜRÜ | |
| Media type term | aracısız |
| Media type code | n |
| Source | rdamedia |
| 338 ## - TAŞIYICI TÜRÜ | |
| Carrier type term | cilt |
| Carrier type code | nc |
| Source | rdacarrier |
| 856 40 - ELEKTRONİK YER ve ERİŞİM | |
| Kaynak Tanımlayıcı (URL) | <a href="http://www.talid.org">http://www.talid.org</a> |
| 907 ## - LOCAL DATA ELEMENT G, LDG (RLIN) | |
| a | Dergi |
| 942 ## - EK GİRİŞ ÖGELERİ (KOHA) | |
| Source of classification or shelving scheme | Library of Congress Classification |
| Koha item type | Periodicals |
| Materyal Türü | Kalıcı Konum | Mevcut Konum | Raf Yeri | Koleksiyon Kodu | Cilt Bilgisi | Demirbaş Numarası | Geri Çekilme Durumu | Kayıp Durumu | Hasarlı Durumu | Kredi için değil | Toplam Ödünçverme |
|---|---|---|---|---|---|---|---|---|---|---|---|
| Periodicals | Prof. Dr. Azmi Özcan Kütüphanesi | Prof. Dr. Azmi Özcan Kütüphanesi | Arşiv Sayılar Rafı (II) | Genel | C.1, S.1 (2013) | SY0013155 | Ödünç verilmez | ||||
| Periodicals | Prof. Dr. Azmi Özcan Kütüphanesi | Prof. Dr. Azmi Özcan Kütüphanesi | Arşiv Sayılar Rafı (II) | Genel | C.1, S.2 (2013) | SY0013156 | Ödünç verilmez | ||||
| Periodicals | Prof. Dr. Azmi Özcan Kütüphanesi | Prof. Dr. Azmi Özcan Kütüphanesi | Arşiv Sayılar Rafı (II) | Genel | C.2, S.1 (2014) | SY0013377 | Ödünç verilmez | ||||
| Periodicals | Prof. Dr. Azmi Özcan Kütüphanesi | Prof. Dr. Azmi Özcan Kütüphanesi | Arşiv Sayılar Rafı (II) | Genel | C.2, S.2 (2014) | SY0013378 | Ödünç verilmez | ||||
| Periodicals | Prof. Dr. Azmi Özcan Kütüphanesi | Prof. Dr. Azmi Özcan Kütüphanesi | Arşiv Sayılar Rafı (II) | Genel | C.3, S.1 (2015) | SY0015049 | Ödünç verilmez | ||||
| Periodicals | Prof. Dr. Azmi Özcan Kütüphanesi | Prof. Dr. Azmi Özcan Kütüphanesi | Arşiv Sayılar Rafı (II) | Genel | C.3, S.2 (2015) | SY0015050 | Ödünç verilmez |
